[Event "RUS-ch Silent"]
[Site "Zelenograd"]
[Date "2018.10.27"]
[Round "3"]
[White "Ibatullin, Timur"]
[Black "Gromozdin, Sergei"]
[Result "0-1"]
[WhiteElo "1282"]
[BlackElo "1797"]
[PlyCount "58"]
[EventDate "2018.10.25"]
[EventType "swiss"]
[EventRounds "11"]
[EventCountry "RUS"]
[SourceTitle "EXT 2020"]
[Source "ChessBase"]
[SourceDate "2019.10.17"]
[SourceVersion "1"]
[SourceVersionDate "2019.10.17"]
[SourceQuality "1"]

1. e4 c5 2. Nc3 e6 3. Nf3 a6 4. Be2 Nc6 5. 0-0 d6 6. d4 cxd4 7. Nxd4 Qc7 8. Nxc6 bxc6 9. Be3 d5 10. exd5 cxd5 11. a3 Nf6 12. Bf3 Bb7 13. Re1 Be7 14. Bd4 0-0 15. Ne2 e5 16. Bc3 e4 17. Bxf6 Bxf6 18. Bg4 Bxb2 19. Rb1 Bxa3 20. Rb3 Bd6 21. Rh3 f5 22. Bh5 g6 23. Bxg6 hxg6 24. Qd4 Be5 25. Qb4 Kg7 26. Nd4 Rf6 27. Rb1 Rb8 28. Qd2 f4 29. g3 Bc8 0-1

[Event "Opatija Silent op"]
[Site "Opatija"]
[Date "2014.06.23"]
[Round "6"]
[White "Pogoskin, Roman"]
[Black "Gromozdin, Sergei"]
[Result "1-0"]
[WhiteElo "2035"]
[BlackElo "1916"]
[PlyCount "50"]
[EventDate "2014.06.19"]
[EventType "swiss"]
[EventRounds "9"]
[EventCountry "CRO"]
[SourceTitle "CBM 161 Extra"]
[Source "ChessBase"]
[SourceDate "2014.08.29"]
[SourceVersion "1"]
[SourceVersionDate "2014.08.29"]
[SourceQuality "1"]

1. e4 c5 2. Nf3 e6 3. d4 cxd4 4. Nxd4 a6 5. c4 Nf6 6. Nc3 Bb4 7. Bd3 Bxc3+ 8. bxc3 d6 9. 0-0 0-0 10. f4 Qc7 11. Qe2 Nbd7 12. Ba3 Rd8 13. Rae1 Nc5 14. Bb1 Na4 15. Qc2 Qa5 16. Bb4 Qb6 17. Qxa4 e5 18. Ba5 Qc5 19. Bxd8 Bd7 20. Qa5 exd4 21. Qxc5 dxc5 22. Bxf6 gxf6 23. cxd4 cxd4 24. Rd1 Be6 25. Rxd4 Rc8 1-0